000 00412nam a2200133Ia 4500
008 151001s9999||||xx |||||||||||||| ||und||
100 _aमीनाक्षी सरदेसाई
245 _aबिरबलाच्या चातुर्यकथा
250 _a1
260 _b"परी प्रकाशन,कोल्हापूर "
260 _c2013
300 _a176
365 _b24
999 _c1000357
_d1000354